00493nam a2200181 a 450000100060000000300090000600800410001502000150005604000280007108200180009910000190011724500300013626000500016630000100021649000270022665000230025365000350027618902CO-ViMGA141112s2004 ck r 000 u spa d a9681657144 aCO-ViMGAbspacCO-ViMGA a808.831 S131d1 aSadat, Mandana10aDel otro lado del árbol aMexico : bFondo de Cultura Económica; 1998 a24 p. aA la orilla del viento14aCUENTOS INFANTILES14aLIBROS ILUSTRADOS PARA NIÑOS